Quiz o Polsce - Statystyki

Ogólne statystyki
  • Ten quiz został rozwiązany 30 razy
  • Średni wynik to 17 z 20
Statystyki odpowiedzi
Wskazówka Odpowiedź % Poprawnych
Miasto w którym znajduje się Wawel Kraków
100%
Stolica Warszawa
100%
Najdłuższa rzeka Wisła
96%
Polak papież Jan Paweł II
92%
Pierwsza kobieta, która wygrała nagrodę Noblarównież wynalazła polon i rad Maria Skłodowska Curie
92%
Polak, który objawił światu, że ziemia się kręciwokół słonca Mikołaj Kopernik
92%
Waluta Złoty
92%
Rok chrzestu Polski 966
88%
Polski pianista Fryderyk Chopin
88%
Kiedyś było wolnym miastem po niemiecku,nazywa się Danzig Gdańsk
88%
Morze, z którym graniczymy Morze Bałtyckie
88%
Popularne danie do zjedzenia w polsce Pierogi
88%
Lider powyższego związku i prezydent Polski w latach 1990-95 Lech Wałęsa
84%
Najmniejsze województwo Opolskie
80%
Związek zawodowy, który sprzeciwiał się komunie Solidarność
80%
Największe województwo Mazowieckie
76%
Najlepszy piłkarz Robert Lewandowski
76%
Ostatni król Polski Stanisław II August
72%
Ile milionów ludności ma Polska 37
64%
Kolory flag biało-czerwone
24%
Nie znaleziono quizów pasujących do podanych kryteriów
Rozkład punktacji
Procent ludzi z każdym wynikiem
Percentyl według liczby udzielonych odpowiedzi
Twoja historia wyników
Nie rozwiązałeś tego quizu